000 00571nam a2200181Ia 4500
008 100920s9999 xx 000 0 und d
082 _b56557
_a--- थ 89
100 _aनाडकर्णी ज्ञानेश्वर.
245 _aचरित्र.
260 _bश्रीविद्या प्रकाशन, पुणे 30.
_c1989
300 _a275
_bसाधी
365 _b100
520 _aकादंबरी.
630 _aचरित्र.
650 _aकादंबरी.
730 _aचरित्र.
942 _cBOOK
999 _c700612
_d700609